| 000 | 00569cam a22001694a 4500 | ||
|---|---|---|---|
| 005 | 20250901165420.0 | ||
| 008 | 080318s2008 ne a b 001 0 eng | ||
| 010 | _a 2008012458 | ||
| 020 | _a9780123742513 (hardcover) | ||
| 050 | 0 | 0 |
_aHG187.I4 .S53 2008 _bS53 2008 |
| 082 | 0 | 0 |
_a332.10954 _222 |
| 100 | 1 | _aShah, Ajay. | |
| 245 | 1 | 0 |
_aIndia's financial markets : _ban insider's guide to how the markets work / _cAjay Shah, Susan Thomas, Michael Gorham. |
| 260 |
_aAmsterdam ; _aBoston : _bElsevier, _cc2008. |
||
| 300 |
_axvi, 241 p. : _bcol. ill. ; _c24 cm. |
||
| 942 | _2ddc | ||
| 999 |
_c3603 _d3603 |
||